Building a working and caring nation : (Record no. 4058)

MARC details
000 -LEADER
fixed length control field 01200cam a2200349 i 4500
001 - CONTROL NUMBER
control field 17693193
003 - CONTROL NUMBER IDENTIFIER
control field OSt
005 - DATE AND TIME OF LATEST TRANSACTION
control field 20250129142502.0
008 - FIXED-LENGTH DATA ELEMENTS--GENERAL INFORMATION
fixed length control field 130411s2013 ke a 000 0 eng
010 ## - LIBRARY OF CONGRESS CONTROL NUMBER
LC control number 2012313736
020 ## - INTERNATIONAL STANDARD BOOK NUMBER
International Standard Book Number 9789966213570
040 ## - CATALOGING SOURCE
Original cataloging agency DLC
Language of cataloging eng
Transcribing agency DLC
Description conventions rda
042 ## - AUTHENTICATION CODE
Authentication code lcode
-- pcc
043 ## - GEOGRAPHIC AREA CODE
Geographic area code f-ke---
050 00 - LIBRARY OF CONGRESS CALL NUMBER
Classification number HC865
Item number .K33 2013
100 1# - MAIN ENTRY--PERSONAL NAME
Personal name Kabira, Isaiah.
245 10 - TITLE STATEMENT
Title Building a working and caring nation :
Remainder of title Mwai Kibaki and the transformation of Kenya /
Statement of responsibility, etc. conceptualisation, Isaiya Kabira, Francis Kimemia.
264 #1 - PRODUCTION, PUBLICATION, DISTRIBUTION, MANUFACTURE, AND COPYRIGHT NOTICE
Place of production, publication, distribution, manufacture [Nairobi :
Name of producer, publisher, distributor, manufacturer Presidential Press Service, State House,
Date of production, publication, distribution, manufacture, or copyright notice 2013]
300 ## - PHYSICAL DESCRIPTION
Extent 247 pages :
Other physical details chiefly color illustrations ;
Dimensions 32 cm
336 ## - CONTENT TYPE
Content type term text
Source rdacontent
336 ## - CONTENT TYPE
Content type term still image
Source rdacontent
337 ## - MEDIA TYPE
Media type term unmediated
Source rdamedia
338 ## - CARRIER TYPE
Carrier type term volume
Source rdacarrier
600 10 - SUBJECT ADDED ENTRY--PERSONAL NAME
Personal name Kibaki, Mwai,
Dates associated with a name 1931-
651 #0 - SUBJECT ADDED ENTRY--GEOGRAPHIC NAME
Geographic name Kenya
General subdivision Economic conditions
Form subdivision Pictorial works.
651 #0 - SUBJECT ADDED ENTRY--GEOGRAPHIC NAME
Geographic name Kenya
General subdivision Social conditions
Form subdivision Pictorial works.
651 #0 - SUBJECT ADDED ENTRY--GEOGRAPHIC NAME
Geographic name Kenya
General subdivision Politics and government.
700 1# - ADDED ENTRY--PERSONAL NAME
Personal name Kimemia, Francis.
906 ## - LOCAL DATA ELEMENT F, LDF (RLIN)
a 7
b cbc
c origode
d 3
e ncip
f 20
g y-gencatlg
942 ## - ADDED ENTRY ELEMENTS (KOHA)
Source of classification or shelving scheme Dewey Decimal Classification
Koha item type Books
Holdings
Withdrawn status Lost status Source of classification or shelving scheme Damaged status Not for loan Home library Current library Date acquired Total Checkouts Full call number Barcode Date last seen Price effective from Koha item type
    Dewey Decimal Classification     Bunge Tower Library Bunge Tower Library 01/30/2025   967.62043KAB 2025/0022 01/30/2025 01/30/2025 Books
LIBRARY OPENING HOURS

When the Parliament is sitting: 8.00a.m - 7.00p.m or until the house adjourns
Mondays and Fridays and when the House is on Recess:  8.00a.m - 5.00p.m
Closed on Weekends and Public Holidays

Online Public Access Catalog (OPAC)
Website: http://www.parliament.go.ke
Bunge Library: https://libraryir.parliament.go.ke
Contact: library@parliament.go.ke | Tel no: (254-2)2221291 or 2848000 Ext 5043